00000000nam 2200000za 4500
0019.846903
003CaOODSP
00520221107153320
007cr |||||||||||
008171109s2017    onc    #o    f000 0 eng d
040 |aCaOODSP|beng
043 |an-cn---
0861 |aH113-5/2017-26E-PDF|zH113-5/2017-26E
24500|aRe-evaluation project plan for flucarbazone |h[electronic resource].
260 |aOttawa : |bPest Management Regulatory Agency, Health Canada, |c2017.
300 |a3 p.
4901 |aRe-evaluation note, |x1925-0649 ; |vREV2017-26
500 |aTitle from cover.
500 |a"31 October 2017."
500 |aIssued also in French under title: Plan de travail concernant la réévaluation du flucarbazone.
520 |a"In Canada, flucarbazone is under re-evaluation by Health Canada’s Pest Management Regulatory Agency (PMRA). The PMRA re-evaluates registered pesticides to determine whether the use of these products continues to be acceptable in terms of value, human health and the environment according to current standards."--Background, p. 1.
69207|2gccst|aPesticides
69207|2gccst|aCertification
69207|2gccst|aToxicology
7101 |aCanada. |bHealth Canada.
7101 |aCanada. |bPest Management Regulatory Agency.
77508|tPlan de travail concernant la réévaluation du flucarbazone |w(CaOODSP)9.846906
830#0|aRe-evaluation note (Canada. Pest Management Regulatory Agency)|x1925-0649 ; |vREV2017-26.|w(CaOODSP)9.504460
85640|qPDF|s85 KB|uhttps://publications.gc.ca/collections/collection_2017/sc-hc/H113-5/H113-5-2017-26-eng.pdf